[Event "23rd EUR-ch"]
[Site "Vrnjacka Banja SRB"]
[Date "2023.03.11"]
[Round "9.182"]
[White "Paszewski, Mateusz"]
[Black "Dimitrijevic, Dusan"]
[Result "1/2-1/2"]
[WhiteElo "2270"]
[BlackElo "2105"]
[EventDate "2023.03.03"]
[PlyCount "96"]

1.e4 c6 2.d4 d5 3.e5 Bf5 4.h4 h6 5.g4 Bd7 6.Nc3 e6 7.Be3 Qc7 8.Nf3 c5 9.
dxc5 Bxc5 10.Bxc5 Qxc5 11.Qd4 Na6 12.Bxa6 Qxd4 13.Nxd4 bxa6 14.Kd2 Ne7 15.
h5 Rb8 16.b3 f6 17.f4 fxe5 18.fxe5 O-O 19.Rhf1 Nc6 20.Nxc6 Bxc6 21.Ne2 Bb5
22.c3 Rxf1 23.Rxf1 Rf8 24.Rxf8+ Kxf8 25.Nd4 Ke7 26.Ke3 Kd7 27.Nf3 a5 28.a3
Bf1 29.Nd2 Ba6 30.c4 a4 31.cxd5 exd5 32.bxa4 Ke6 33.Nf3 Bc8 34.Kf4 Bd7 35.
a5 a6 36.Nd4+ Ke7 37.Nf5+ Kf7 38.Nd4 Ke7 39.Kg3 Kf7 40.Kf3 g6 41.hxg6+ 
Kxg6 42.Kf4 Kf7 43.Kg3 Kg6 44.Kf4 Kf7 45.Nc2 Ke6 46.Nb4 Bc8 47.Nc6 Bd7 48.
Nd4+ Kf7 1/2-1/2

[Event "23rd EUR-ch"]
[Site "Vrnjacka Banja SRB"]
[Date "2023.03.11"]
[Round "9.183"]
[White "Ravic, Nenad"]
[Black "Kosovic, Miroslav"]
[Result "1-0"]
[WhiteElo "2238"]
[BlackElo "2100"]
[EventDate "2023.03.03"]
[PlyCount "95"]

1.e4 c6 2.d4 g6 3.Nc3 d5 4.e5 h5 5.f4 Nh6 6.Nf3 Bg4 7.Be3 e6 8.h3 Bxf3 9.
Qxf3 h4 10.Bd3 Be7 11.O-O a6 12.Ne2 Qb6 13.b3 Nd7 14.Bf2 Nf5 15.c4 O-O-O 
16.c5 Qc7 17.b4 Nb8 18.a4 Kd7 19.b5 axb5 20.axb5 cxb5 21.Nc3 Ke8 22.Nxb5 
Qd7 23.Bxf5 Qxb5 24.Bd3 Qd7 25.Rfb1 Nc6 26.Rb6 Kf8 27.Rab1 Rb8 28.Bb5 Rc8 
29.Ba4 Rc7 30.Qb3 Kg7 31.Rxb7 Ra8 32.Bxc6 Qxc6 33.Rxc7 Qxc7 34.Qb6 Qxb6 
35.cxb6 g5 36.b7 Rb8 37.Be1 Bd8 38.Rb5 gxf4 39.Bb4 Bc7 40.Bc5 f6 41.exf6+ 
Kxf6 42.Ba7 Rg8 43.b8=Q Bxb8 44.Rxb8 Rg3 45.Rf8+ Kg5 46.Bb8 Rd3 47.Bxf4+ 
Kg6 48.Be5 1-0

[Event "23rd EUR-ch"]
[Site "Vrnjacka Banja SRB"]
[Date "2023.03.11"]
[Round "9.184"]
[White "Shatil, Shir"]
[Black "Pantic, Ivica"]
[Result "1-0"]
[WhiteElo "2222"]
[BlackElo "2091"]
[EventDate "2023.03.03"]
[PlyCount "105"]

1.d4 d5 2.c4 c6 3.Nf3 Nf6 4.Nc3 a6 5.e3 e6 6.Qc2 dxc4 7.Bxc4 c5 8.O-O Nc6 
9.Rd1 cxd4 10.exd4 Nb4 11.Qe2 Be7 12.Bg5 b5 13.Bxf6 gxf6 14.Bb3 Bb7 15.d5 
Nxd5 16.Nxd5 exd5 17.Nd4 Qd7 18.Re1 Kd8 19.Qd2 Bd6 20.Rad1 Kc7 21.Rc1+ Kb8
22.Bc2 Qg4 23.Bf5 Qf4 24.Qxf4 Bxf4 25.Rcd1 Be5 26.g3 Kc7 27.f4 Bd6 28.Kf2 
h5 29.h4 Bc5 30.Kg2 Rae8 31.Rxe8 Rxe8 32.Kf3 Kd6 33.Rd2 Bxd4 34.Rxd4 Kc5 
35.Rd2 d4+ 36.Kf2 Re3 37.Rc2+ Kb6 38.Rd2 Rf3+ 39.Ke1 Kc5 40.Rc2+ Kb6 41.
Rd2 Re3+ 42.Kf2 Be4 43.Rxd4 Rf3+ 44.Ke2 Bc6 45.Rd6 Rxg3 46.Be4 Rh3 47.
Rxc6+ Ka5 48.Kf2 f5 49.Bf3 Rh2+ 50.Bg2 Rxh4 51.Kf3 Rg4 52.Rf6 Rg8 53.Rxf5 
1-0

[Event "23rd EUR-ch"]
[Site "Vrnjacka Banja SRB"]
[Date "2023.03.11"]
[Round "9.185"]
[White "Stankovic, Boris"]
[Black "Jeremic, Milan"]
[Result "1-0"]
[WhiteElo "2208"]
[BlackElo "2052"]
[EventDate "2023.03.03"]
[PlyCount "77"]

1.e4 c6 2.d4 d5 3.exd5 cxd5 4.Bf4 Nc6 5.c3 Nf6 6.Nd2 g6 7.h3 Bg7 8.Ngf3 
O-O 9.Be2 Qb6 10.Qb3 Qxb3 11.axb3 h6 12.O-O g5 13.Bh2 Bf5 14.b4 a6 15.Rfe1
Be4 16.Ne5 Rac8 17.Nxc6 Rxc6 18.Bf1 e6 19.Nb3 Rfc8 20.Nc5 Rb6 21.Na4 Rbc6 
22.b5 axb5 23.Bxb5 Nd7 24.Bxc6 bxc6 25.b4 Bd3 26.Nc5 Nxc5 27.bxc5 Re8 28.
Bd6 f6 29.Ra7 e5 30.Rea1 exd4 31.cxd4 f5 32.Be5 Bxe5 33.dxe5 Rxe5 34.Rc7 
Re8 35.Rxc6 Bc4 36.Rd6 Rc8 37.Ra7 Kf8 38.c6 Ke8 39.Rxh6 1-0

[Event "23rd EUR-ch"]
[Site "Vrnjacka Banja SRB"]
[Date "2023.03.11"]
[Round "9.186"]
[White "Glienke, Manfred"]
[Black "Grozdanovic, Anastasia"]
[Result "1/2-1/2"]
[WhiteElo "2201"]
[BlackElo "2050"]
[EventDate "2023.03.03"]
[PlyCount "64"]

1.Nf3 d5 2.g3 Nf6 3.Bg2 e6 4.c4 d4 5.O-O c5 6.b4 cxb4 7.a3 bxa3 8.d3 Bc5 
9.Bxa3 Bxa3 10.Qa4+ Nc6 11.Qxa3 Qe7 12.Nbd2 Qxa3 13.Rxa3 Ke7 14.Rb1 e5 15.
Nb3 Nd7 16.Na5 Nxa5 17.Rxa5 f6 18.Nd2 a6 19.Bxb7 Bxb7 20.Rxb7 Rhb8 21.Rxb8
Nxb8 22.f4 Nc6 23.Ra4 a5 24.fxe5 fxe5 25.Kf2 Rb8 26.Ke1 Kf6 27.Ra2 Kf5 28.
Kf2 g5 29.Ne4 g4 30.Kg2 Rb1 31.Nd2 Rb4 32.Ne4 Rb1 1/2-1/2

[Event "23rd EUR-ch"]
[Site "Vrnjacka Banja SRB"]
[Date "2023.03.11"]
[Round "9.187"]
[White "Pousada Garcia, Daniel"]
[Black "Tudor, Henry Edward"]
[Result "0-1"]
[WhiteElo "2050"]
[BlackElo "2201"]
[EventDate "2023.03.03"]
[PlyCount "100"]

1.e4 c5 2.Nf3 e6 3.c3 Nf6 4.e5 Nd5 5.Bc4 b6 6.O-O Bb7 7.d4 Be7 8.Nbd2 O-O 
9.Re1 f5 10.exf6 Nxf6 11.Qe2 Kh8 12.Bd3 cxd4 13.cxd4 Nc6 14.a3 Bd6 15.Ne4 
Bc7 16.Bg5 Ne7 17.Ne5 Qe8 18.Rac1 Bb8 19.Qe3 Nf5 20.Qh3 Nxe4 21.Rxe4 Bxe4 
22.Bxe4 Bxe5 23.Bxa8 Bxd4 24.Be4 Bxf2+ 25.Kh1 Qg6 26.Bxf5 Qxf5 27.Qxf5 
exf5 28.Rc7 d5 29.Rxa7 h6 30.Bf4 Re8 31.g3 Re2 32.Bd6 Bc5 33.Bb8 d4 34.Rd7
Re8 35.Bc7 Re7 36.Rd8+ Kh7 37.Bb8 Re1+ 38.Kg2 Re2+ 39.Kh1 Rxb2 40.Be5 Re2 
41.Rd5 g5 42.a4 Ra2 43.Rd7+ Kg6 44.Bxd4 Rxa4 45.Bxc5 bxc5 46.Rd6+ Kh5 47.
Rd5 Kg4 48.Rxc5 Kh3 49.Kg1 Ra1+ 50.Kf2 Kxh2 0-1

[Event "23rd EUR-ch"]
[Site "Vrnjacka Banja SRB"]
[Date "2023.03.11"]
[Round "9.188"]
[White "Valiev, Shahin"]
[Black "Ciric, Pavle"]
[Result "1/2-1/2"]
[WhiteElo "2201"]
[BlackElo "2037"]
[EventDate "2023.03.03"]
[PlyCount "34"]

1.e4 e6 2.d4 d5 3.Nd2 Nf6 4.e5 Nfd7 5.Bd3 c5 6.c3 Nc6 7.Ne2 cxd4 8.cxd4 f6
9.exf6 Nxf6 10.O-O Bd6 11.Nf3 O-O 12.Bf4 Bxf4 13.Nxf4 Ne4 14.Ne2 Ng5 15.
Ne5 Nb4 16.Bb1 Nf7 17.Ng3 Nc6 1/2-1/2

[Event "23rd EUR-ch"]
[Site "Vrnjacka Banja SRB"]
[Date "2023.03.11"]
[Round "9.189"]
[White "Bashirov, Kemal"]
[Black "Celik, Ali Alper"]
[Result "0-1"]
[WhiteElo "2188"]
[BlackElo "1961"]
[EventDate "2023.03.03"]
[PlyCount "66"]

1.e4 c5 2.Nf3 e6 3.d4 cxd4 4.Nxd4 Nc6 5.Nc3 Qc7 6.Be3 a6 7.Bd3 Nf6 8.O-O 
Be7 9.Kh1 O-O 10.Qe2 d6 11.Rad1 Bd7 12.h3 b5 13.f4 Rac8 14.a3 Rfd8 15.Nb3 
Be8 16.g4 Nd7 17.g5 Nc5 18.Qf2 Nxd3 19.cxd3 Qb7 20.Nd2 d5 21.exd5 exd5 22.
d4 Na5 23.f5 Bxa3 24.Nf3 Bd6 25.f6 Nc4 26.fxg7 b4 27.Nb1 Nxe3 28.Qxe3 Bb5 
29.Rfe1 Re8 30.Qf2 Qd7 31.Qg2 Qf5 32.Nbd2 Rxe1+ 33.Rxe1 Rc2 0-1

[Event "23rd EUR-ch"]
[Site "Vrnjacka Banja SRB"]
[Date "2023.03.11"]
[Round "9.191"]
[White "Banov, Boil"]
[Black "Onslow, Alfie"]
[Result "1-0"]
[WhiteElo "2016"]
[BlackElo "2174"]
[EventDate "2023.03.03"]
[PlyCount "38"]

1.e4 c6 2.d4 d5 3.exd5 cxd5 4.Bd3 Nf6 5.Nf3 Nc6 6.O-O Bg4 7.c3 e6 8.Bf4 
Bd6 9.Bxd6 Qxd6 10.Nbd2 O-O 11.Re1 Rab8 12.a4 Rfe8 13.Qe2 Ne7 14.h3 Bh5 
15.g4 Bg6 16.Ne5 Bxd3 17.Nxd3 Ng6 18.g5 Nd7 19.Qg4 e5 1-0

[Event "23rd EUR-ch"]
[Site "Vrnjacka Banja SRB"]
[Date "2023.03.11"]
[Round "9.192"]
[White "Cox, Tristan"]
[Black "Safar, Sandro"]
[Result "1-0"]
[WhiteElo "1975"]
[BlackElo "2173"]
[EventDate "2023.03.03"]
[PlyCount "109"]

1.e4 c5 2.Nf3 Nc6 3.Bc4 g6 4.O-O Bg7 5.c3 e6 6.d4 cxd4 7.Nxd4 Nxd4 8.cxd4 
d6 9.Nc3 Ne7 10.d5 e5 11.Bb5+ Bd7 12.Be3 O-O 13.Bxd7 Qxd7 14.a4 f5 15.f3 
Kh8 16.Qb3 Ng8 17.Rfc1 a6 18.a5 Bh6 19.Na4 Qe7 20.Nb6 Rad8 21.Ra4 fxe4 22.
Rxe4 Rf7 23.Rec4 Rdf8 24.Nc8 Qd8 25.Bxh6 Nxh6 26.Qb6 Qg5 27.Nxd6 Rxf3 28.
Ne4 Qe3+ 29.Qxe3 Rxe3 30.Ng5 Rd3 31.Rc7 Nf5 32.Nxh7 Re8 33.Nf6 Re7 34.g4 
Kg7 35.Ne4 Rxc7 36.Rxc7+ Kf8 37.gxf5 gxf5 38.Nf6 e4 39.Kf2 Rh3 40.Rxb7 e3+
41.Ke2 f4 42.Rh7 f3+ 43.Kxe3 f2+ 44.Kxf2 Rf3+ 45.Ke2 Re3+ 46.Kd2 Rd3+ 47.
Kc2 Rc3+ 48.Kb1 Rc1+ 49.Ka2 Ra1+ 50.Kb3 Ra3+ 51.Kb4 Ra4+ 52.Kc5 Rc4+ 53.
Kd6 Rc6+ 54.Ke5 Re6+ 55.Kd4 1-0

[Event "23rd EUR-ch"]
[Site "Vrnjacka Banja SRB"]
[Date "2023.03.11"]
[Round "9.193"]
[White "Arsenie, Cristian Marc"]
[Black "Noy, Eyal"]
[Result "1/2-1/2"]
[WhiteElo "1971"]
[BlackElo "2161"]
[EventDate "2023.03.03"]
[PlyCount "96"]

1.e4 c5 2.Nf3 e6 3.d4 cxd4 4.Nxd4 Nc6 5.Nc3 Qc7 6.Be3 a6 7.g4 b5 8.Nxc6 
Qxc6 9.Qd2 Nf6 10.f3 Bb7 11.g5 Nh5 12.O-O-O b4 13.Ne2 d5 14.e5 Qc7 15.Bd4 
h6 16.h4 Be7 17.Bh3 g6 18.Bg4 Ng7 19.gxh6 Nf5 20.h5 Nxd4 21.Nxd4 g5 22.f4 
gxf4 23.Qxf4 Bf8 24.Kb1 Bxh6 25.Qf6 Rh7 26.Nf5 Bf8 27.Nd6+ Bxd6 28.exd6 
Qd8 29.Qe5 Kd7 30.Rhf1 Qg8 31.Rg1 Qh8 32.Qe3 Qb8 33.Qd3 Rh8 34.Rdf1 Rf8 
35.Qh7 Qc8 36.h6 Kxd6 37.Bh5 Bc6 38.Bxf7 Ra7 39.Rg7 Qc7 40.Qg6 Be8 41.h7 
Bxf7 42.Qg3+ Kc6 43.Qf2 Rb7 44.b3 Qc8 45.Qf6 Rh8 46.Rxf7 Rxh7 47.Rxh7 Rxh7
48.Re1 Rh3 1/2-1/2

[Event "23rd EUR-ch"]
[Site "Vrnjacka Banja SRB"]
[Date "2023.03.11"]
[Round "9.194"]
[White "Stoinev, Metodi"]
[Black "Dumbelovic, Novak"]
[Result "0-1"]
[WhiteElo "2159"]
[BlackElo "1948"]
[EventDate "2023.03.03"]
[PlyCount "142"]

1.d4 Nf6 2.Nc3 d5 3.Bf4 a6 4.e3 e6 5.g4 Bb4 6.f3 c5 7.a3 cxd4 8.exd4 Be7 
9.Bd3 Nc6 10.Nge2 b5 11.Qd2 Bb7 12.a4 b4 13.Nd1 Rc8 14.Nf2 Qb6 15.b3 Nd7 
16.Be3 g6 17.g5 Bf8 18.h4 Bg7 19.Rd1 Nxd4 20.Rh3 e5 21.Nxd4 exd4 22.Bf4 
O-O 23.h5 Nc5 24.Kf1 Rce8 25.Kg2 Bc8 26.Rh4 Nxd3 27.Nxd3 Bf5 28.Nxb4 Qe6 
29.Kg3 f6 30.hxg6 Bxg6 31.Nd3 Qf7 32.Rf1 Qe7 33.Re1 Qd7 34.Rxe8 Rxe8 35.
gxf6 Bxf6 36.Rh2 Qf5 37.Qb4 h5 38.Qd2 Rf8 39.Rg2 Kh7 40.Kh2 Rg8 41.Qb4 Bf7
42.Rxg8 Kxg8 43.Qe1 Be6 44.Qg3+ Kf7 45.Be5 h4 46.Qf4 Qxf4+ 47.Bxf4 Bf5 48.
b4 Bd8 49.b5 axb5 50.axb5 Ke6 51.Nc5+ Kf6 52.Na4 Bd7 53.b6 Bc6 54.Bc7 Be7 
55.Nb2 Ke6 56.Nd3 Bb7 57.Kh3 Kf5 58.Be5 Bc8 59.Bxd4 Kg5+ 60.Kg2 h3+ 61.Kf2
Bd6 62.Kg1 Ba6 63.Be3+ Kh4 64.Bf2+ Kg5 65.Kh1 Bb7 66.Bd4 Kh4 67.f4 Kg4 68.
Be5 Kg3 69.Bd4 h2 70.f5 Bc8 71.f6 Bg4 0-1

[Event "23rd EUR-ch"]
[Site "Vrnjacka Banja SRB"]
[Date "2023.03.11"]
[Round "9.195"]
[White "Kochavi, Dana"]
[Black "Gikas, Andreas Basilius"]
[Result "1/2-1/2"]
[WhiteElo "1929"]
[BlackElo "2157"]
[EventDate "2023.03.03"]
[PlyCount "81"]

1.e4 c5 2.Nf3 e6 3.b3 a6 4.Bb2 Nc6 5.Bd3 Nf6 6.O-O Be7 7.e5 Nd5 8.Re1 Nf4 
9.Bf1 f6 10.exf6 Bxf6 11.Bxf6 Qxf6 12.Nc3 O-O 13.Ne4 Qe7 14.d4 cxd4 15.
Nxd4 d5 16.Nxc6 bxc6 17.Nc3 Qf6 18.Qd2 e5 19.Ne2 Ng6 20.Ng3 a5 21.f3 a4 
22.b4 a3 23.b5 Kh8 24.Rab1 cxb5 25.Rxb5 d4 26.Ne4 Qe6 27.Rb3 Qg8 28.Nc5 
Bf5 29.Bd3 Bxd3 30.Nxd3 Qd5 31.Qb4 Rfc8 32.Rxa3 Rxa3 33.Qxa3 Ra8 34.Qb3 
Qa5 35.Nb4 Rc8 36.Nd3 Ra8 37.Rb1 h6 38.Nb4 Nf4 39.Qc4 Qb6 40.g3 Ne6 41.Nd3
1/2-1/2

[Event "23rd EUR-ch"]
[Site "Vrnjacka Banja SRB"]
[Date "2023.03.11"]
[Round "9.196"]
[White "Voiteanu, Gabriel"]
[Black "Senel, Hayri Beyhun"]
[Result "1-0"]
[WhiteElo "2155"]
[BlackElo "1904"]
[EventDate "2023.03.03"]
[PlyCount "26"]

1.d4 Nf6 2.c4 d6 3.Nc3 e5 4.Nf3 Nbd7 5.g3 g6 6.Bg2 Bg7 7.b3 O-O 8.O-O exd4
9.Nxd4 Re8 10.Bb2 a6 11.Re1 Rb8 12.Rc1 c5 13.Nc2 h5 1-0

[Event "23rd EUR-ch"]
[Site "Vrnjacka Banja SRB"]
[Date "2023.03.11"]
[Round "9.197"]
[White "Bleuzen, Erwan"]
[Black "Bauer, Thomas"]
[Result "0-1"]
[WhiteElo "1937"]
[BlackElo "2151"]
[EventDate "2023.03.03"]
[PlyCount "90"]

1.d4 Nf6 2.Nf3 g6 3.c4 Bg7 4.Nc3 O-O 5.e4 d6 6.Be2 Nbd7 7.O-O e5 8.d5 Qe7 
9.Bg5 h6 10.Bh4 c5 11.Ne1 h5 12.Bg5 a6 13.a3 Qe8 14.b4 Kh8 15.f3 b6 16.g4 
Nh7 17.Be3 Ra7 18.gxh5 g5 19.Ra2 Ndf6 20.Kh1 Nxh5 21.Rg1 f6 22.Na4 Rb7 23.
Nxb6 Rxb6 24.bxc5 dxc5 25.Bxc5 Rb7 26.Bb4 Rg8 27.c5 Bf8 28.Bxa6 Rbg7 29.
Bxc8 Qxc8 30.d6 Qc6 31.Qd5 Qa6 32.Qd3 Qa4 33.Qc4 Nf4 34.Rd2 Qc6 35.Nd3 Nh3
36.Rg3 g4 37.fxg4 Rxg4 38.Nf2 Nxf2+ 39.Rxf2 Rxg3 40.hxg3 Rxg3 41.Rg2 Rxg2 
42.Kxg2 Ng5 43.Qd5 Qb5 44.Qd1 Kh7 45.d7 Be7 0-1

[Event "23rd EUR-ch"]
[Site "Vrnjacka Banja SRB"]
[Date "2023.03.11"]
[Round "9.198"]
[White "Poupalos, Nikolaos"]
[Black "Nilssen, Ellen Fredericia"]
[Result "1-0"]
[WhiteElo "1906"]
[BlackElo "2144"]
[EventDate "2023.03.03"]
[PlyCount "51"]

1.e4 e6 2.d4 d5 3.Nd2 Nf6 4.e5 Nfd7 5.f4 c5 6.c3 Nc6 7.Ngf3 cxd4 8.Nxd4 
Nxd4 9.cxd4 Qb6 10.Nf3 Nb8 11.Bd3 Nc6 12.O-O Nxd4 13.Nxd4 Qxd4+ 14.Kh1 Bd7
15.f5 exf5 16.Qe2 Bc5 17.Bb5 Bc6 18.Bd3 a6 19.Bg5 Qg4 20.Qd2 Bb4 21.Qc1 d4
22.Rf2 Rc8 23.Be2 Qe4 24.Bf3 Qd3 25.Be2 Qe4 26.Bf3 1-0

[Event "23rd EUR-ch"]
[Site "Vrnjacka Banja SRB"]
[Date "2023.03.11"]
[Round "9.199"]
[White "Dakic, Marta"]
[Black "Medancic, Rikard"]
[Result "1/2-1/2"]
[WhiteElo "1867"]
[BlackElo "2139"]
[EventDate "2023.03.03"]
[PlyCount "134"]

1.e4 g6 2.d4 Bg7 3.Nc3 d6 4.g3 b6 5.Bg2 Bb7 6.Nge2 e6 7.O-O Ne7 8.Be3 Nd7 
9.Qd2 h6 10.Rad1 Rb8 11.b3 a6 12.a4 c5 13.f4 Qc7 14.dxc5 dxc5 15.Qd6 Rc8 
16.Rd3 Qxd6 17.Rxd6 Rc7 18.Rfd1 Bc6 19.f5 exf5 20.a5 Be5 21.R6d3 O-O 22.
Bxh6 Rfc8 23.axb6 Nxb6 24.Rd8+ Kh7 25.Rxc8 Rxc8 26.Bf4 Bxf4 27.Nxf4 fxe4 
28.Bxe4 Kg7 29.Ra1 Ra8 30.Ra5 c4 31.Re5 Bxe4 32.Rxe4 Nf5 33.Ncd5 Nxd5 34.
Nxd5 cxb3 35.cxb3 Rd8 36.Nb4 Rd6 37.Nc2 Rd2 38.Nb4 Nd4 39.Nxa6 Nf3+ 40.Kf1
Nxh2+ 41.Kg1 Nf3+ 42.Kf1 Ra2 43.Ra4 Rb2 44.Nc5 Kh6 45.Rf4 Ne5 46.Rf2 Rb1+ 
47.Kg2 f5 48.Rc2 Ng4 49.Re2 Kh5 50.Ne6 Rxb3 51.Nf4+ Kg5 52.Re6 Rb2+ 53.Kg1
Nf6 54.Nh3+ Kg4 55.Rxf6 Kxg3 56.Rxg6+ Kxh3 57.Kf1 Kh4 58.Rc6 Kg4 59.Rc3 
Rh2 60.Ra3 Rh3 61.Rxh3 Kxh3 62.Kf2 Kg4 63.Kg2 f4 64.Kf2 f3 65.Kf1 Kg3 66.
Kg1 f2+ 67.Kf1 Kf3 1/2-1/2

[Event "23rd EUR-ch"]
[Site "Vrnjacka Banja SRB"]
[Date "2023.03.11"]
[Round "9.200"]
[White "Korelsky, Egor"]
[Black "Alfirevic, Duje"]
[Result "1/2-1/2"]
[WhiteElo "2127"]
[BlackElo "1924"]
[EventDate "2023.03.03"]
[PlyCount "50"]

1.e4 e5 2.Nf3 Nc6 3.Bb5 a6 4.Ba4 Nf6 5.O-O Be7 6.Re1 b5 7.Bb3 O-O 8.h3 Bb7
9.d3 d5 10.exd5 Nxd5 11.Nxe5 Nd4 12.Nf3 Nxb3 13.axb3 Nb4 14.Na3 Bd6 15.d4 
Qf6 16.c3 Nd5 17.c4 Nf4 18.d5 c6 19.Bxf4 Qxf4 20.Qd4 cxd5 21.Qxf4 Bxf4 22.
cxb5 Bd6 23.Nd4 Rfe8 24.Rxe8+ Rxe8 25.bxa6 Bxa6 1/2-1/2

[Event "23rd EUR-ch"]
[Site "Vrnjacka Banja SRB"]
[Date "2023.03.11"]
[Round "9.201"]
[White "Velkoski, Stojan"]
[Black "Khandelwal, Ankush"]
[Result "0-1"]
[WhiteElo "1868"]
[BlackElo "2255"]
[EventDate "2023.03.03"]
[PlyCount "96"]

1.e4 c5 2.Nf3 d6 3.d4 cxd4 4.Nxd4 Nf6 5.Nc3 a6 6.h3 e5 7.Nb3 Be7 8.g4 h6 
9.Be3 Be6 10.Bg2 Nbd7 11.Qd2 Rc8 12.f4 exf4 13.Bxf4 Ne5 14.O-O-O O-O 15.
Bf1 b5 16.Qh2 Qc7 17.Nd5 Bxd5 18.exd5 Nc4 19.Qg2 Nb6 20.Rh2 Rfe8 21.h4 
Nfxd5 22.Rxd5 Nxd5 23.Qxd5 Bxh4 24.Bd3 Re1+ 25.Kd2 Qe7 26.c3 b4 27.c4 Rg1 
28.Be3 Be1+ 29.Ke2 Re8 30.Rh3 Bg3 31.Qe4 Qxe4 32.Bxe4 Rxe4 33.Kf3 Rxe3+ 
34.Kxe3 Be5 35.Kf3 Bxb2 36.Rh2 Be5 37.Rd2 Rg3+ 38.Ke4 Rxg4+ 39.Kd5 Rg5 40.
Kc6 h5 41.Kb6 h4 42.c5 dxc5 43.Nxc5 h3 44.Rd8+ Kh7 45.Nd7 h2 46.Nf8+ Kh6 
47.Nd7 Bd4+ 48.Kxa6 g6 0-1

[Event "23rd EUR-ch"]
[Site "Vrnjacka Banja SRB"]
[Date "2023.03.11"]
[Round "9.202"]
[White "Pantovic, Dragan M."]
[Black "Farkas, Tibor"]
[Result "1/2-1/2"]
[WhiteElo "2038"]
[BlackElo "2247"]
[EventDate "2023.03.03"]
[PlyCount "21"]

1.d4 Nf6 2.c4 g6 3.g3 Bg7 4.Bg2 O-O 5.Nf3 c5 6.O-O cxd4 7.Nxd4 Nc6 8.Nc3 
Qa5 9.Nb3 Qh5 10.e4 Qxd1 11.Rxd1 1/2-1/2

[Event "23rd EUR-ch"]
[Site "Vrnjacka Banja SRB"]
[Date "2023.03.11"]
[Round "9.203"]
[White "Aleksic, Milan"]
[Black "Kostic, Milutin B."]
[Result "1/2-1/2"]
[WhiteElo "2202"]
[BlackElo "2049"]
[EventDate "2023.03.03"]
[PlyCount "40"]

1.e4 c6 2.d4 d5 3.Nc3 g6 4.Nf3 Bg7 5.h3 dxe4 6.Nxe4 Nd7 7.Bd3 Ngf6 8.Nxf6+
Nxf6 9.O-O Qc7 10.Re1 O-O 11.Qe2 e6 12.a4 b6 13.a5 Bd7 14.Ne5 Nd5 15.Bd2 
c5 16.c3 Rfd8 17.Bg5 f6 18.Nxd7 Qxd7 19.Bd2 cxd4 20.cxd4 Kf7 1/2-1/2

[Event "23rd EUR-ch"]
[Site "Vrnjacka Banja SRB"]
[Date "2023.03.11"]
[Round "9.204"]
[White "Krstic, Milos"]
[Black "Konstantinidis, Konstantinos"]
[Result "1-0"]
[WhiteElo "2198"]
[BlackElo "2047"]
[EventDate "2023.03.03"]
[PlyCount "65"]

1.e4 c5 2.Nf3 d6 3.d4 cxd4 4.Nxd4 Nf6 5.Nc3 Nc6 6.Bg5 e6 7.Qd2 a6 8.O-O-O 
Bd7 9.f3 h6 10.Be3 b5 11.g4 Ne5 12.a3 Rb8 13.h4 b4 14.axb4 Rxb4 15.Be2 g6 
16.b3 Qb8 17.g5 hxg5 18.hxg5 Rxh1 19.Rxh1 Nh5 20.f4 Nc6 21.Bxh5 gxh5 22.
Rxh5 Bg7 23.Nxc6 Bxc6 24.Rh7 Kf8 25.f5 exf5 26.exf5 Be5 27.f6 Kg8 28.Qd3 
Rxb3 29.Rg7+ Kf8 30.Qc4 Rb7 31.Qh4 Rb1+ 32.Nxb1 Qb2+ 33.Kd2 1-0

[Event "23rd EUR-ch"]
[Site "Vrnjacka Banja SRB"]
[Date "2023.03.11"]
[Round "9.205"]
[White "Andreev, Stanislav"]
[Black "Petrekanovic, Miroslav"]
[Result "0-1"]
[WhiteElo "2016"]
[BlackElo "2179"]
[EventDate "2023.03.03"]
[PlyCount "92"]

1.d4 d5 2.c4 e5 3.dxe5 d4 4.Nf3 Nc6 5.a3 Nge7 6.b4 Ng6 7.Bb2 a5 8.b5 Ncxe5
9.Nxe5 Nxe5 10.e3 Be6 11.Bxd4 Nxc4 12.Nd2 Nxd2 13.Qxd2 Qd5 14.Qc3 f6 15.f3
Bd6 16.Bd3 Qb3 17.Qxb3 Bxb3 18.Be4 O-O-O 19.Kf2 a4 20.Rhc1 h5 21.h4 Be5 
22.Bxe5 fxe5 23.Rc5 Rd2+ 24.Kg3 Re8 25.Rac1 Re7 26.Bc2 b6 27.Rc3 Bxc2 28.
R1xc2 Rd5 29.Rb2 e4 30.Rc4 exf3 31.Kxf3 Rd3 32.Rxa4 Rexe3+ 33.Kf4 Rg3 34.
Kf5 Rd5+ 35.Ke6 Rd6+ 36.Ke5 Kd7 37.Kf5 Rf6+ 38.Ke5 Re3+ 39.Kd4 Rfe6 40.Rc4
R6e4+ 41.Kd5 Rxc4 42.Kxc4 Rxa3 43.Kd5 Rg3 44.Ke5 Rg4 45.Kf5 Rxh4 46.Kg5 
Rh2 0-1

[Event "23rd EUR-ch"]
[Site "Vrnjacka Banja SRB"]
[Date "2023.03.11"]
[Round "9.206"]
[White "Manko, Mariia"]
[Black "Nikanova, Ekaterina"]
[Result "1-0"]
[WhiteElo "2159"]
[BlackElo "2032"]
[EventDate "2023.03.03"]
[PlyCount "71"]

1.Nf3 c5 2.c4 Nc6 3.Nc3 g6 4.g3 Bg7 5.Bg2 e5 6.O-O Nge7 7.Ne1 d6 8.Nc2 O-O
9.a3 Be6 10.Ne3 Rb8 11.b4 b6 12.Rb1 Qd7 13.Ned5 f5 14.d3 h6 15.Qa4 Rbd8 
16.e3 Bf7 17.Bd2 g5 18.Nb5 Nxd5 19.cxd5 Ne7 20.bxc5 dxc5 21.e4 Nc8 22.f4 
exf4 23.gxf4 gxf4 24.Bxf4 fxe4 25.dxe4 Bh5 26.Qb3 Be2 27.Bh3 Qe8 28.Be6+ 
Kh8 29.Kh1 Bxf1 30.Rxf1 Qh5 31.Qg3 Qe2 32.Re1 Qxb5 33.Be5 Rd7 34.Rg1 Rff7 
35.Bxf7 Rxf7 36.Bxg7+ 1-0

[Event "23rd EUR-ch"]
[Site "Vrnjacka Banja SRB"]
[Date "2023.03.11"]
[Round "9.207"]
[White "Sertbay, Huseyin"]
[Black "Srdanovic, Jovana"]
[Result "0-1"]
[WhiteElo "2016"]
[BlackElo "2146"]
[EventDate "2023.03.03"]
[PlyCount "159"]

1.d4 d5 2.Bf4 Nf6 3.e3 c5 4.Nf3 Nc6 5.Nbd2 cxd4 6.exd4 Bg4 7.c3 e6 8.h3 
Bh5 9.Qb3 Qc8 10.Be2 Be7 11.g4 Bg6 12.Nh4 Be4 13.Nxe4 Nxe4 14.Ng2 Qd7 15.
f3 Nd6 16.O-O-O Na5 17.Qc2 b5 18.Kb1 Rc8 19.Qd3 Nac4 20.Bc1 a5 21.b3 Rb8 
22.Ka1 Nb6 23.Nf4 O-O 24.Nh5 b4 25.Qe3 f6 26.Bd3 Rf7 27.cxb4 a4 28.Bb1 Nb5
29.Nf4 Bxb4 30.Qxe6 Nc4 31.Bf5 Bc3+ 32.Kb1 Nba3+ 33.Bxa3 Nxa3+ 34.Kc1 axb3
35.axb3 Rxb3 36.Rde1 Qxe6 37.Rxe6 Rfb7 38.Kd1 Rb1+ 39.Bxb1 Rxb1+ 40.Ke2 
Rxh1 41.Kd3 Bb2 42.Re7 Bc1 43.Ne6 Bh6 44.f4 Rxh3+ 45.Ke2 g6 46.g5 fxg5 47.
fxg5 Bf8 48.Rd7 Nb5 49.Rd8 Kf7 50.Nxf8 Nxd4+ 51.Kf2 Ne6 52.Nxe6 Kxe6 53.
Re8+ Kf5 54.Rd8 Ke4 55.Re8+ Kf4 56.Rd8 Rh5 57.Rxd5 Rxg5 58.Rd4+ Ke5 59.Rh4
h5 60.Ra4 Rf5+ 61.Kg3 g5 62.Ra5+ Kf6 63.Ra6+ Kg7 64.Ra7+ Kg6 65.Ra6+ Rf6 
66.Ra8 h4+ 67.Kg2 Rf4 68.Kh3 Rf3+ 69.Kg2 Rb3 70.Ra6+ Kh5 71.Ra5 h3+ 72.Kh2
Kh4 73.Ra4+ g4 74.Ra1 g3+ 75.Kh1 Kg4 76.Rc1 Kf3 77.Rf1+ Ke2 78.Rg1 Rd3 79.
Rf1 g2+ 80.Kh2 0-1

[Event "23rd EUR-ch"]
[Site "Vrnjacka Banja SRB"]
[Date "2023.03.11"]
[Round "9.208"]
[White "Petrovic, Dragan R."]
[Black "Butolo, Alexandru-Mircea"]
[Result "1-0"]
[WhiteElo "2141"]
[BlackElo "2027"]
[EventDate "2023.03.03"]
[PlyCount "55"]

1.e4 c5 2.Nf3 d6 3.c3 Nf6 4.h3 g6 5.Bd3 Bg7 6.O-O O-O 7.Re1 Nc6 8.Bc2 e5 
9.d4 cxd4 10.cxd4 exd4 11.Nxd4 d5 12.Nxc6 bxc6 13.Nc3 d4 14.Na4 Nd7 15.Bf4
c5 16.Bd6 Re8 17.Bxc5 Nxc5 18.Nxc5 Qg5 19.Nd3 Bxh3 20.Qf3 Be6 21.Bb3 Rab8 
22.Bxe6 Rxe6 23.Rac1 Rbe8 24.Rc7 Rf6 25.Qd1 Qa5 26.Rc4 h5 27.Qa4 Qb6 28.
Qxe8+ 1-0

[Event "23rd EUR-ch"]
[Site "Vrnjacka Banja SRB"]
[Date "2023.03.11"]
[Round "9.209"]
[White "Modric, Milos"]
[Black "Nikolaidis, Konstantinos"]
[Result "1/2-1/2"]
[WhiteElo "2002"]
[BlackElo "2133"]
[EventDate "2023.03.03"]
[PlyCount "34"]

1.e4 c5 2.c3 Nf6 3.e5 Nd5 4.Nf3 d6 5.d4 cxd4 6.exd6 e6 7.Qxd4 a6 8.c4 Nb4 
9.Qc3 Qxd6 10.Be3 Qc7 11.a3 N4c6 12.Nbd2 Nd7 13.Be2 Nf6 14.h3 Be7 15.O-O 
O-O 16.Rfd1 h6 17.b4 Bd7 1/2-1/2

[Event "23rd EUR-ch"]
[Site "Vrnjacka Banja SRB"]
[Date "2023.03.11"]
[Round "9.210"]
[White "Jovanovic, Sasa T."]
[Black "Peric, Slavisa"]
[Result "0-1"]
[WhiteElo "2130"]
[BlackElo "1980"]
[EventDate "2023.03.03"]
[PlyCount "134"]

1.c4 e6 2.g3 d5 3.Bg2 Nf6 4.Nf3 c6 5.b3 Be7 6.O-O O-O 7.Bb2 Nbd7 8.d4 b6 
9.Nbd2 Bb7 10.Qc2 Rc8 11.Rac1 c5 12.cxd5 cxd4 13.Qb1 Bxd5 14.Nxd4 Bxg2 15.
Kxg2 Bc5 16.N4f3 Qe7 17.Rc4 b5 18.Rf4 Ba3 19.Rc1 Bxb2 20.Qxb2 Rc5 21.b4 
Rxc1 22.Qxc1 Nb6 23.Qc5 Qxc5 24.bxc5 Na4 25.c6 Rc8 26.Rd4 Kf8 27.Ne5 Nb6 
28.Nb3 Ke7 29.Na5 Rc7 30.Nd3 Ne8 31.Nb4 Nd6 32.Na6 Rc8 33.Rb4 Ndc4 34.Nxc4
bxc4 35.c7 Kd7 36.f3 c3 37.Rb3 c2 38.Rc3 Nd5 39.Rxc2 Nxc7 40.Nc5+ Ke7 41.
Nd3 f6 42.Rc4 Kd6 43.Rd4+ Ke7 44.Ra4 a6 45.Rb4 Nd5 46.Rb7+ Rc7 47.Rb2 Rc2 
48.Rxc2 Ne3+ 49.Kf2 Nxc2 50.e3 Kd6 51.Ke2 Na3 52.Nb2 Kc5 53.Kd2 Nc4+ 54.
Nxc4 Kxc4 55.Kc2 e5 56.g4 g6 57.h4 f5 58.gxf5 gxf5 59.h5 h6 60.Kd2 f4 61.
exf4 exf4 62.Ke2 Kd4 63.Kf2 a5 64.a3 a4 65.Ke2 Kc3 66.Ke1 Kd3 67.Kf2 Kd2 
0-1